Los disparos : (Registro nro. 7188)

Detalles MARC
000 -LEADER
fixed length control field 00755nam a2200265 a 4500
001 - CONTROL NUMBER
control field 000023776
003 - CONTROL NUMBER IDENTIFIER
control field 000023776
005 - DATE AND TIME OF LATEST TRANSACTION
control field 20171002094924.0
008 - FIXED-LENGTH DATA ELEMENTS--GENERAL INFORMATION
fixed length control field 110113s2007 dr a 000 j spa d
020 ## - INTERNATIONAL STANDARD BOOK NUMBER
International Standard Book Number 9993402753
040 ## - CATALOGING SOURCE
Original cataloging agency BPMSU
Language of cataloging spa
Transcribing agency BPMSU
049 ## - LOCAL HOLDINGS (OCLC)
Holding library
082 #4 - DEWEY DECIMAL CLASSIFICATION NUMBER
Classification number RD863.44
Item number S787d, 2007
100 1# - MAIN ENTRY--PERSONAL NAME
Personal name Stanley, Avelino,
Dates associated with a name 1959-
245 14 - TITLE STATEMENT
Title Los disparos :
Remainder of title cuentos /
Statement of responsibility, etc. Avelino Stanley.
250 ## - EDITION STATEMENT
Edition statement 5a ed.
260 ## - PUBLICATION, DISTRIBUTION, ETC. (IMPRINT)
Place of publication, distribution, etc. Santo Domingo :
Name of publisher, distributor, etc. Cocolo Editorial,
Date of publication, distribution, etc. 2007.
300 ## - PHYSICAL DESCRIPTION
Extent 98 p. :
Other physical details il.,
Dimensions 23 cm.
650 #4 - SUBJECT ADDED ENTRY--TOPICAL TERM
Topical term or geographic name as entry element CUENTOS DOMINICANOS
650 #4 - SUBJECT ADDED ENTRY--TOPICAL TERM
Topical term or geographic name as entry element LITERATURA DOMINICANA
910 ## - USER-OPTION DATA (OCLC)
User-option data Validado. Control de calidad BNPHU.
942 ## - ADDED ENTRY ELEMENTS (KOHA)
Source of classification or shelving scheme Dewey Decimal Classification
Koha item type Libros
945 ## - LOCAL PROCESSING INFORMATION (OCLC)
a Inventariado / 2017 VM
956 ## - LOCAL ELECTRONIC LOCATION AND ACCESS (OCLC)
Host name VMATEO
Access number 10
Compression information 20150922
Logon BPMSU
Processor of request 0069
Existencias
Withdrawn status Lost status Source of classification or shelving scheme Damaged status Not for loan Collection code Home library Current library Date acquired Source of acquisition Total Checkouts Full call number Barcode Date last seen Price effective from Koha item type Copy number
    Dewey Decimal Classification     Colección Dominicana Biblioteca Pública Metropolitana Salomé Ureña Biblioteca Pública Metropolitana Salomé Ureña 07/16/2014 Compra   RD863.44 S787d 2007 BPMSU15040627 07/16/2014 07/16/2014 Libros  
    Dewey Decimal Classification     Colección Dominicana Biblioteca Pública Metropolitana Salomé Ureña Biblioteca Pública Metropolitana Salomé Ureña 11/03/2015 Compra   RD863.44 S787d 2007 BPMSU15110026 11/03/2015 11/03/2015 Libros e. 2